000 01331nam a22003737a 4500
001 000070630
003 CHAP
005 20260127085351.0
008 971013s1986 r 00010 d
010 _a67901
011 _a68873
035 _a78347
040 _cCHAP
082 0 8 _a532
_bG37
100 1 0 _aGarcía Monserrat, José Luis
_946323
245 1 0 _aManual de laboratorio de mecánica de fluídos.
260 _a[Chapingo, Méx.] :
_bUACH. Departamento de Preparatoria Agrícola,
_c[1986?].
300 _a125 p. :
_b: ilus.
590 _aBATCH-UPD
_b10
_c20130110
_lUCH01
_h0503
590 _aBATCH-UPD
_b10
_c20130111
_lUCH01
_h0000
590 _aBATCH-UPD
_b10
_c20130410
_lUCH01
_h0141
590 _aBATCH-UPD
_b10
_c20130410
_lUCH01
_h1646
590 _aBATCH-UPD
_b10
_c20130914
_lUCH01
_h1806
590 _aCONVERSION
_b10
_c20130109
_lUCH01
_h1337
590 _aE5995AHE
_b05
_c20150223
_lUCH01
_h1016
650 1 4 _aMecánica de fluídos
_xManuales de laboratorio.
_973822
901 _aBK
942 _cLIBRO
942 _n0
949 _a532 G37
_bBC
_cLIBRO
_d-150602
_eLIBRO
_fc.3
_h69277
_i78347
_si
949 _a532 G37
_bBC
_cLIBRO
_d33724000394359
_eLIBRO
_h68962
_i78347
_si
949 _a532 G37
_bBC
_cLIBRO
_d33724000394441
_eLIBRO
_fc.4
_h69278
_i78347
_sb
949 _a532 G37
_bBC
_cUACH
_d-96815
_eUACH
_fc.2
_h68974
_i78347
_si
999 _c67901
_d67901